Detalles MARC
| 000 -CABECERA |
| campo de control de longitud fija |
01194nam a2200169 a 4500 |
| 001 - NÚMERO DE CONTROL |
| campo de control |
000046727 |
| 005 - FECHA Y HORA DE LA ÚLTIMA TRANSACCIÓN |
| campo de control |
20201002053058.0 |
| 008 - DATOS DE LONGITUD FIJA--INFORMACIÓN GENERAL |
| campo de control de longitud fija |
180320s2015 dr 000 0 spa d |
| 040 ## - FUENTE DE LA CATALOGACIÓN |
| Centro catalogador/agencia de origen |
DO-SdBNP |
| Lengua de catalogación |
spa |
| Centro/agencia transcriptor |
BNPHU |
| 082 ## - NÚMERO DE LA CLASIFICACIÓN DECIMAL DEWEY |
| Número de clasificación |
xx |
| Número de documento/Ítem |
xx |
| 110 2# - ENTRADA PRINCIPAL--NOMBRE DE ENTIDAD CORPORATIVA |
| Nombre de entidad corporativa o nombre de jurisdicción como elemento de entrada |
República Dominicana |
| Unidad subordinada |
Ministerio de Hacienda. Dirección Nacional de Presupuesto |
| 9 (RLIN) |
74660 |
| 245 10 - MENCIÓN DE TÍTULO |
| Título |
Presupuesto ejecutado, 2015. |
| 260 ## - PUBLICACIÓN, DISTRIBUCIÓN, ETC. |
| Lugar de publicación, distribución, etc. |
Santo Domingo : |
| Nombre del editor, distribuidor, etc. |
DIGEPRES, |
| Fecha de publicación, distribución, etc. |
2015. |
| 300 ## - DESCRIPCIÓN FÍSICA |
| Extensión |
v. ; |
| Dimensiones |
28 cm. |
| 505 0# - NOTA DE CONTENIDO CON FORMATO |
| Nota de contenido con formato |
v. 1. |
| Título |
Gobierno Central |
| -- |
Información sobre los ingresos -- |
| -- |
Información sobre los gastos -- |
| -- |
Información sobre el financiamiento -- |
| -- |
Ejecución del gasto consolidado por institución -- |
| -- |
Poder Legislativo -- |
| -- |
Poder Ejecutivo -- |
| -- |
Organismos especiales -- |
| -- |
Categorías Institucionales -- |
| -- |
Otros detalle de gastos -- |
| Información miscelánea |
v. 2. |
| Título |
instituciones descentralizadas autónomas no financieras y de las públicas de la seguridad social -- |
| -- |
Ejecución de ingresos y gastos de las instituciones descentralizadas autónomas no financieras |
| -- |
Distribución institucional del gasto -- |
| -- |
Ejecución de ingresosy gastos de las instituciones públicas de la seguridad social |
| -- |
Distribución institucional del gasto |
| 590 ## - NOTA LOCAL (RLIN) |
| Nota local |
Inventariado, 2018 /VM |